By nature equal : the anatomy of a western insight (Record no. 122106)

MARC details
000 -LEADER
fixed length control field 00843nam a2200253Ia 4500
008 - FIXED-LENGTH DATA ELEMENTS--GENERAL INFORMATION
fixed length control field 191130s1999##################000#0#eng##
020 ## - INTERNATIONAL STANDARD BOOK NUMBER
ISBN 9780691059228
082 ## - DEWEY DECIMAL CLASSIFICATION NUMBER
Classification number 305.01 COO
100 ## - MAIN ENTRY--AUTHOR NAME
Personal name Coons, John E
245 ## - TITLE STATEMENT
Title By nature equal : the anatomy of a western insight
Statement of responsibility, etc John E. Coons and Patrick M. Brennan ; with a foreword by John Witte, Jr
260 ## - PUBLICATION, DISTRIBUTION, ETC. (IMPRINT)
Place of publication Princeton
Name of publisher Princeton University Press
Year of publication c1999
300 ## - PHYSICAL DESCRIPTION
Number of Pages xxiv, 362 p. ; 24 cm
500 ## - GENERAL NOTE
General note Includes bibliographical references (p. [261]-348) and index
650 ## - SUBJECT ADDED ENTRY--TOPICAL TERM
Topical Term Equality - Philosophy
Topical Term Equality - Religious aspects
Topical Term Equality before the law
700 ## - ADDED ENTRY--PERSONAL NAME
Personal name Brennan, Patrick M
Personal name Witte, John
991 ## -
-- 20951
Holdings
Withdrawn status Lost status Damaged status Not for loan Home library Current library Shelving location Date acquired Full call number Accession Number Price effective from Koha item type
        Anna Centenary Library Anna Centenary Library 3RD FLOOR, B WING 12.10.2020 305.01 COO 168319 12.10.2020 English Books

Find us on the map